000 00298nam a22001337a 4500
008 170303b xxu||||| |||| 00| 0 eng d
020 _a9780130085306
041 _aeng
080 _a575
100 _a6
101 _aSHM
245 _aGENETICS A MOLECULAR PERSPECTIVE
_cKLUG.W.S
942 _2udc
_cBK
999 _c6725
_d6725